[Event "XV Festival A"]
[Site "Bolzano - Bozen ITA"]
[Date "2000.07.21"]
[Round "8"]
[White "Erschbaumer, Helmut"]
[Black "Gatterer, Florian"]
[WhiteElo "1738"]
[BlackElo "1882"]
[Result "0-1"]
[PlyCount "108"]
[EventDate "2000.07.15"]

1. e4 e6 2. d4 c5 3. Nf3 a6 4. d5 d6 5. a4 Nf6 6. Nc3 g6 7. Bd2 Bg7 8. a5 exd5
9. exd5 O-O 10. Be2 Bg4 11. O-O Nbd7 12. h3 Bf5 13. Nh4 Be4 14. Bg5 Re8 15. Qd2
h6 16. Bxh6 Nxd5 17. Bxg7 Kxg7 18. Nxe4 Rxe4 19. Qxd5 Rxe2 20. Qxd6 Qxh4 21.
Qxd7 Qb4 22. Qd3 Rae8 23. Rfb1 Rd2 24. Qc3+ Qxc3 25. bxc3 Ree2 26. Rf1 Rxc2 27.
Rac1 Rxf2 28. Rxc2 Rxc2 29. Rb1 Rxc3 30. Rxb7 Ra3 31. Rc7 Rxa5 32. Rc6 Kh6 33.
Rc7 f6 34. Kf2 Kg5 35. Rc6 Kf5 36. Kf3 g5 37. Ke3 Ra3+ 38. Kf2 Ra5 39. Ke3 Ke5
40. g3 Ra3+ 41. Kf2 Ra5 42. h4 gxh4 43. gxh4 Kd4 44. Rxf6 c4 45. Ke2 Kc3 46. h5
Kc2 47. Ke3 Rxh5 48. Rxa6 Rd5 49. Rb6 c3 50. Ke4 Rd8 51. Rh6 Kb2 52. Rb6+ Kc1
53. Ke3 c2 54. Rh6 Rb8 0-1

[Event "XV Festival A"]
[Site "Bolzano - Bozen ITA"]
[Date "2000.07.21"]
[Round "8"]
[White "Scharrer, Patrick"]
[Black "Farago, Ivan"]
[WhiteElo "1825"]
[BlackElo "2486"]
[Result "0-1"]
[PlyCount "70"]
[EventDate "2000.07.15"]

1. e4 c5 2. Nf3 e6 3. d4 cxd4 4. Nxd4 a6 5. Nc3 Qc7 6. f3 Nc6 7. Be3 Nf6 8. Qd2
Ne5 9. a3 Be7 10. Be2 d6 11. O-O Bd7 12. Kh1 O-O 13. f4 Nc4 14. Bxc4 Qxc4 15.
Qd3 Rac8 16. Qxc4 Rxc4 17. Rae1 Rfc8 18. e5 dxe5 19. fxe5 Ng4 20. Bg1 Bxa3 21.
Nd1 Be7 22. h3 Nh6 23. Be3 Nf5 24. Nxf5 exf5 25. c3 g6 26. Bd4 Bb5 27. Rf3 Bh4
28. Bf2 Bg5 29. b3 Re4 30. c4 Bc6 31. Rxe4 Bxe4 32. Rc3 Bd2 33. Rg3 f4 34. Rg4
Bf5 35. Rh4 Bc2 0-1

[Event "XV Festival A"]
[Site "Bolzano - Bozen ITA"]
[Date "2000.07.22"]
[Round "9"]
[White "Erschbaumer, Helmut"]
[Black "Luban, Peter"]
[WhiteElo "1738"]
[BlackElo "2131"]
[Result "1-0"]
[PlyCount "119"]
[EventDate "2000.07.15"]

1. e4 c5 2. Nf3 Nc6 3. d4 cxd4 4. Nxd4 Nf6 5. Nc3 d6 6. Bg5 e6 7. Qd2 a6 8.
O-O-O h6 9. Bh4 Nxe4 10. Qe3 Qxh4 11. Nxe4 d5 12. Nxc6 bxc6 13. Qb6 Qf4+ 14.
Nd2 Bd7 15. a3 Be7 16. g3 Rb8 17. Qa7 Qe5 18. Nc4 dxc4 19. Qxd7+ Kf8 20. Qd4
Qxd4 21. Rxd4 Bf6 22. Rxc4 Bxb2+ 23. Kd2 Bxa3 24. Rxc6 a5 25. Ra6 Ke7 26. Bd3
Rhc8 27. f3 Bb4+ 28. Ke3 Bc3 29. Ra7+ Kf6 30. Be4 Rb4 31. Rd1 Rbc4 32. Rdd7 Rf8
33. h4 Rc5 34. f4 Be1 35. Kf3 Rc3+ 36. Bd3 g6 37. g4 h5 38. gxh5 gxh5 39. Ke2
Bxh4 40. Rxa5 Bg3 41. Kf3 h4 42. Rh5 Rc6 43. c4 Be1 44. Rb7 Bg3 45. c5 Rfc8 46.
Rh6+ Kg7 47. Rh7+ Kg8 48. Rbxf7 Rxc5 49. Rhg7+ Kh8 50. Rg5 Rxg5 51. fxg5 Rc7
52. Rf6 Re7 53. Kg4 Be5 54. Rh6+ Kg8 55. Kxh4 Bg7 56. Rh5 Rd7 57. Bh7+ Kf8 58.
Kg4 Rd4+ 59. Kf3 Rd3+ 60. Bxd3 1-0

[Event "XV Festival A"]
[Site "Bolzano - Bozen ITA"]
[Date "2000.07.22"]
[Round "9"]
[White "Gatterer, Florian"]
[Black "Timoscenko, Gennadij A."]
[WhiteElo "1882"]
[BlackElo "2529"]
[Result "0-1"]
[PlyCount "74"]
[EventDate "2000.07.15"]

1. e4 e5 2. Nf3 Nc6 3. Bc4 d6 4. h3 g6 5. d3 h6 6. a3 Bg7 7. Nc3 Nge7 8. Be3
Nd4 9. Qd2 c6 10. O-O-O b5 11. Ba2 a5 12. Ne2 c5 13. Nh2 b4 14. Bxd4 cxd4 15.
a4 Bd7 16. Bb3 Bc6 17. f4 Qd7 18. fxe5 dxe5 19. Rdf1 f6 20. Ng4 f5 21. exf5
gxf5 22. Ng3 fxg4 23. Nh5 Nd5 24. Rf5 O-O-O 25. Rhf1 Rhf8 26. hxg4 Ne3 27. Rxf8
Rxf8 28. Rxf8+ Bxf8 29. Qf2 Qe7 30. Kb1 Bxg2 31. Ng3 Bc6 32. Ka1 Bg7 33. Nh5
Qf8 34. Qg3 Qf1+ 35. Ka2 Bf6 36. Nxf6 Qxf6 37. Qh3 Kc7 0-1

[Event "XV Festival A"]
[Site "Bolzano - Bozen ITA"]
[Date "2000.07.22"]
[Round "9"]
[White "Scharrer, Patrick"]
[Black "Bertagnolli, Alexander"]
[WhiteElo "1825"]
[BlackElo "2196"]
[Result "0-1"]
[PlyCount "40"]
[EventDate "2000.07.15"]

1. e4 g6 2. d4 Bg7 3. Nc3 c6 4. Nf3 d5 5. h3 Nf6 6. e5 Ne4 7. Nxe4 dxe4 8. Ng5
c5 9. d5 Bxe5 10. Nxe4 O-O 11. c3 Qc7 12. Be3 b6 13. Bc4 Bf5 14. Ng5 Bg7 15.
Qf3 Nd7 16. d6 Qd8 17. dxe7 Qxe7 18. Nxf7 Be6 19. Qe4 Kxf7 20. Qf4+ Kg8 0-1